000 00711nam a2200241Ia 4500
003 OSt
005 20220926012007.0
006 a|||||r|||| 00| 0
007 ta
008 220923b |||||||| |||| 00| 0 eng d
037 _cGeneral Book
040 _aRTL
_cRTL
_beng
041 _2eng
_aeng
082 _aX:48, L2
100 _aAndersen R Clifton
_9126686
245 0 _aDistribution systems
_b Firms functions and efficien
260 _aNew York
_bAppleton Century Crofts
_c1972
300 _axii,519p
_ccm.
650 _aTransport
700 _a Dommermuth William P
_9126687
942 _hX:48, L2
_cGB
_2CC
999 _c621456
_d621456